000 00632nam a22001937a 4500
003 KOHA_MİRAKIL
005 20260330113037.0
008 260330b tu ||||| |||| 00| 0 tur d
040 _aTR-AnABB
_btur
_cTR-AnABB
041 _atur
082 _a923.2
_bOZT
100 1 _aÖztürk, İbrahim Sadi
245 1 0 _aMerhaba köyüm merhaba Türkiyem :
_bbir idarecinin yaşam öyküsü /
_cİbrahim Sadi Öztürk
246 _aBir idarecinin yaşam öyküsü
260 _aAnkara :
_bTürk İdareciler Derneği Yayını,
_c[t.y.]
300 _a209 sayfa ;
_c18 cm
650 0 4 _aBiyografi, siyasetçi
942 _2ddc
_cBK
999 _c10083
_d10083
900 _bCan ÇELIK